000 00934nam0a22002651 4500
001 RU\INFOCOMM_322\NLR\5000094400
005 20250613104723.0
035 _a(NLR Aleph) 009511919
090 _a8771796
_c8771796
100 _a20121207d1932 |||y0rusy50 ca
101 0 _ager
102 _aRU
105 _ay z |||||
200 1 _aˆ...‰ Deutsche proleten bauen in Moskau
_fHans Klemm, Max Mielke
210 _aMoskau
_cVerlagsgenossenschaft ausländischer Arbeiter in der UdSSR, "Internationale" druck
_d1932
215 _aОбл., 74, [2] с., 5 вкл. л. ил.
_cил.
_d21х15 см
300 _aНа 4 с. обл.: "Г. Клемм, М. Милке. Немецкие пролетарии строят в Москве"
620 _aМосква
700 1 _aKlemm
_bH.
_gHans
701 1 _aMielke
_bM.
_gMax
801 1 _aRU
_bNLR
_c20121207
801 0 _aRU
_bINFOCOMM
_gPSBO
852 _aNLR
_jD-10/2
942 _cBOOK
980 _aNB